Normal view
MARC view
- Washington, A.J Triola, M.F
Entry Personal Name
001 - CONTROL NUMBER
- control field: 59390
003 - CONTROL NUMBER IDENTIFIER
- control field: NUST
005 - DATE AND TIME OF LATEST TRANSACTION
- control field: 20210628202331.0
008 - FIXED-LENGTH DATA ELEMENTS
- fixed length control field: 210628|| aca||aabn | a|a d
040 ## - CATALOGING SOURCE
- Original cataloging agency: NUST
- Transcribing agency: NUST
100 ## - HEADING--PERSONAL NAME
- Personal name: Washington, A.J Triola, M.F
670 ## - SOURCE DATA FOUND
- Source citation: Work cat.: (NUST): Washington, A.J Triola, M.F, Introduction to technical mathematics, 1988
